| 000 | 00619nam a2200205 a 4500 | ||
|---|---|---|---|
| 005 | 20240419063754.0 | ||
| 008 | 011015s2006 mx r 000 0 spa d | ||
| 020 | _a9501113094 | ||
| 035 | _aUPN01000113032 | ||
| 049 | _aI | ||
| 050 | 4 |
_aPZ74 _bR5.2 |
|
| 100 | 1 |
_aRivera, Natalia _936547 |
|
| 245 | 1 | 3 |
_aLa bella durmiente / _cadapt. Natalia Rivera ; il. de Van Gool. |
| 260 |
_aBuenos Aires : _bSigmar, _cc2006. |
||
| 300 |
_a23 p. : _bprincipalmente il. col. |
||
| 440 | 0 | _aColorín colorado | |
| 650 | 0 |
_aCuentos de hadas _xAdaptaciones _919910 |
|
| 650 | 4 |
_aLibros y lectura para niños _92290 |
|
| 905 | _aInfantil | ||
| 999 |
_c86940 _d86940 |
||